Modern sensors hand book (Record no. 181157)
[ view plain ]
| 000 -LEADER | |
|---|---|
| fixed length control field | 00405nam a2200133Ia 4500 |
| 008 - FIXED-LENGTH DATA ELEMENTS--GENERAL INFORMATION | |
| fixed length control field | 220217s9999||||xx |||||||||||||| ||und|| |
| 020 ## - INTERNATIONAL STANDARD BOOK NUMBER | |
| International Standard Book Number | 19-0520-966-5 |
| 082 ## - DEWEY DECIMAL CLASSIFICATION NUMBER | |
| Classification number | 621.382 MAS |
| 100 ## - MAIN ENTRY--PERSONAL NAME | |
| Personal name | Master, Ann, L. Ripka, Pavel and Tipek, Alors |
| 9 (RLIN) | 7550 |
| 245 #0 - TITLE STATEMENT | |
| Title | Modern sensors hand book |
| 260 ## - PUBLICATION, DISTRIBUTION, ETC. | |
| Place of publication, distribution, etc. | ISTE publication |
| Name of publisher, distributor, etc. | Noida |
| Date of publication, distribution, etc. | 2007 |
| 300 ## - PHYSICAL DESCRIPTION | |
| Extent | XVIII, 518p. |
| Other physical details | 1695 |
| 650 ## - SUBJECT ADDED ENTRY--TOPICAL TERM | |
| Topical term or geographic name entry element | SIGNAL PROCESSING |
| 9 (RLIN) | 719 |
| Withdrawn status | Lost status | Damaged status | Not for loan | Collection code | Home library | Current library | Date acquired | Full call number | Barcode | Date last seen | Price effective from | Koha item type |
|---|---|---|---|---|---|---|---|---|---|---|---|---|
| Electronics and Communication Engineering | Central Library | Central Library | 02/18/2022 | 621.382 MAS | 16346 | 02/18/2022 | 02/18/2022 | Books |